LEADER 01527nam0 22003733i 450 001 VAN0278627 005 20240626100030.968 017 70$2N$a9783031380204 100 $a20240626d2023 |0itac50 ba 101 $aeng 102 $aCH 105 $a|||| ||||| 200 1 $aOperators, Semigroups, Algebras and Function Theory$eVolume from IWOTA Lancaster 2021$fYemon Choi, Matthew Daws, Gordon Blower editors 210 $aCham$cBirkhäuser$cSpringer$d2023 215 $aix, 254 p.$cill.$d24 cm 410 1$1001VAN0036604$12001 $aOperator theory: advances and applications$1210 $aBasel [etc.]$cBirkhäuser$v292 610 $aLancaster Volume$9KW:K 610 $aOperator Spaces$9KW:K 610 $aOperator Theory Conference$9KW:K 610 $aOperator algebras$9KW:K 610 $aOperator semigroups$9KW:K 620 $aCH$dCham$3VANL001889 702 1$aBlower$bGordon$3VANV230296 702 1$aChoi$bYemon$3VANV231200 702 1$aDaws$bMatthew$3VANV231201 712 12$aInternational Workshop on Operator Theory and its Applications$f2021$eLancaster, UK$3VANV231206 712 $aBirkhäuser $3VANV108193$4650 712 $aSpringer $3VANV108073$4650 801 $aIT$bSOL$c20240628$gRICA 856 4 $uhttps://doi.org/10.1007/978-3-031-38020-4$zE-book ? Accesso al full-text attraverso riconoscimento IP di Ateneo, proxy e/o Shibboleth 912 $fN 912 $aVAN0278627 996 $aOperators, Semigroups, Algebras and Function Theory$94168254 997 $aUNICAMPANIA LEADER 02088nam0 22005053i 450 001 VAN00287993 005 20250424112441.669 017 70$2N$a9781461204510 100 $a20250303d1991 |0itac50 ba 101 $aeng 102 $aUS 105 $a|||| ||||| 181 $ai$b e 182 $ab 183 $acr 200 1 $aSpatial Stochastic Processes$eA Festschrift in Honor of Ted Harris on his Seventieth Birthday$fKenneth S. Alexander, Joseph C. Watkins editors 210 $aNew York$cSpringer ; Boston$cBirkhäuser$d1991 215 $axii, 256 p.$cill.$d24 cm 410 1$1001VAN00045578$12001 $aProgress in probability$1210 $aBasel [etc.]$cBirkhäuser$d1981-$v19 606 $a00B30$xFestschriften [MSC 2020]$3VANC022532$2MF 606 $a60-XX$xProbability theory and stochastic processes [MSC 2020]$3VANC020428$2MF 610 $aBranching processes$9KW:K 610 $aBranching random walks$9KW:K 610 $aContact processes$9KW:K 610 $aCorrelation$9KW:K 610 $aHarris chains$9KW:K 610 $aInteracting particle systems$9KW:K 610 $aMarkov Chains$9KW:K 610 $aProbability Theory$9KW:K 610 $aRandom Walks$9KW:K 610 $aStochastic processes$9KW:K 620 $aUS$dNew York$3VANL000011 620 $dBoston$3VANL000051 702 1$aAlexander$bKenneth S.$3VANV242581$4340 702 1$aWatkins$bJoseph C.$3VANV242582$4340 712 $aBirkhäuser $3VANV108193$4650 712 $aSpringer $3VANV108073$4650 801 $aIT$bSOL$c20250509$gRICA 856 4 $uhttps://doi.org/10.1007/978-1-4612-0451-0$zE-book ? Accesso al full-text attraverso riconoscimento IP di Ateneo, proxy e/o Shibboleth 899 $aBIBLIOTECA DEL DIPARTIMENTO DI MATEMATICA E FISICA$1IT-CE0120$2VAN08 912 $fN 912 $aVAN00287993 950 $aBIBLIOTECA DEL DIPARTIMENTO DI MATEMATICA E FISICA$d08DLOAD e-Book 10842 $e08eMF10842 20250312 996 $aSpatial Stochastic Processes$94315852 997 $aUNICAMPANIA